Statistiques concernant Dates - La Révolution française

Cliquez ici pour prendre le quiz!

Statistiques générales

  • Ce quiz a été pris 390 fois
  • Le résultat moyen est 10 sur 24

Statistiques - réponses

EvènementPrécisionDate% Correct
Prise de la BastilleJour, mois et année14 juillet 1789
96%
Abolition des privilègesJour, mois et annéeNuit du 4 au 5 août 1789
72%
Serment du jeu de paumeJour, mois et année20 juin 1789
71%
Déclaration des Droits de l’Homme et du CitoyenJour, mois et année26 août 1789
71%
Fête de la FédérationJour, mois et année14 juillet 1790
70%
Exécution de Louis XVIJour, mois et année21 janvier 1793
68%
Ouverture des Etats GénérauxJour, mois et année5 mai 1789
63%
Grande peur dans les campagnesMois et annéeAoût 1789
57%
Vote de la levée en masse par la ConventionAnnée1793
45%
Fuite du Roi à VarennesJour, mois et année20 juin 1791
40%
Bataille de Valmy et victoire françaiseJour, mois et année20 septembre 1792
34%
Proclamation de la première RépubliqueJour, mois et année22 septembre 1792
33%
Les femmes demandent du pain au Roi à VersaillesJour, mois et année5 octobre 1789
32%
Insurrection des sans-culottes et suspension du Roi de ses fonctionsJour, mois et année10 août 1792
29%
Napoléon prend le pouvoirJour, mois et année9 novembre 1799
26%
L’Autriche entre en guerre contre la France pour venir au secours du RoiMois et annéeAvril 1792
26%
Jour, mois et année (calendrier révolutionnaire)18 brumaire an VIII
25%
Exécution de RobespierreJour, mois et année28 juillet 1794
25%
Arrestation de RobespierreJour, mois et année27 juillet 1794
23%
Retour de Napoléon Bonaparte en France après la campagne d'EgypteSaison et annéePrintemps 1799
17%
Arrestation de RobespierreJour, mois et année (calendrier révolutionnaire)9 thermidor an II
15%
Jour, mois et année (calendrier révolutionnaire)10 thermidor an II
13%
Siège de Paris par la Prusse et l’AutricheJour, mois et année25 juillet 1792
3%
Gouvernement révolutionnairePériode (mois et année-mois et année)Juin 1793-Juillet 1794
3%

Distribution des résultats

Percentile par nombre de réponses

% des personnes avec chaque résultat

Votre développement - résultats

Vous n’avez pas pris ce quiz